Normal view
MARC view
Entry Personal Name
001 - CONTROL NUMBER
- control field: 163139
003 - CONTROL NUMBER IDENTIFIER
- control field: OSt
005 - DATE AND TIME OF LATEST TRANSACTION
- control field: 20220923213737.0
008 - FIXED-LENGTH DATA ELEMENTS
- fixed length control field: 220923|| aca||aabn | a|a d
040 ## - CATALOGING SOURCE
- Original cataloging agency: OSt
- Transcribing agency: OSt
100 ## - HEADING--PERSONAL NAME
- Personal name: पाण्डेय, शम्भूनाथ; जैसवाल, प्रतापचन्द, संपा
670 ## - SOURCE DATA FOUND
- Source citation: Work cat.: (OSt)318796: पाण्डेय, शम्भूनाथ; जैसवाल, प्रतापचन्द, संपा., प्रसाद की साहित्य-साधना* 'सरस्वती संवाद' का प्रसाद अक व प्रसाद के साहित्य का गवेषणात्मक अध्ययन,, 1970
